Sports Quiz

Random Sports or Football Quiz

2011 NFL Preseason fantasy top 100 Quiz Stats

 Plays Quiz not verified by Sporcle

Challenge
Share
Tweet
Embed
Score 0/100 Timer 10:00
0 Plays Today
Rank Player % Correct
3Chris Johnson
99%
8Andre Johnson
99%
12Calvin Johnson
99%
55Stevie Johnson
98.5%
20Peyton Manning
96.6%
2Adrian Peterson
95.6%
71Eli Manning
95.6%
72Felix Jones
94.6%
23Steven Jackson
94.1%
35DeSean Jackson
94.1%
37Vincent Jackson
94.1%
1Arian Foster
93.6%
66Fred Jackson
93.6%
28Tom Brady
93.1%
7Ray Rice
91.2%
68Sidney Rice
91.2%
10Aaron Rodgers
90.7%
19Drew Brees
90.7%
36(TB) Mike Williams
88.2%
40DeAngelo Williams
88.2%
76Ryan Williams
88.2%
87(SEA) Mike Williams
88.2%
13Michael Vick
87.7%
84AJ Green
83.8%
62(CAR) Steve Smith
83.3%
11LeSean McCoy
82.8%
14Roddy White
82.8%
24Philip Rivers
82.4%
38Antonio Gates
80.9%
4Jamaal Charles
80.4%
18Larry Fitzgerald
80.4%
6Michael Turner
79.9%
26Shonn Greene
79.9%
85Michael Bush
79.4%
Rank Player % Correct
5Maurice Jones-Drew
78.9%
16Frank Gore
78.4%
45Ben Roethlisberger
78.4%
48Matt Ryan
77.5%
9Rashard Mendenhall
75.5%
15Darren McFadden
75.5%
32Tony Romo
75%
34Reggie Wayne
74.5%
89Santana Moss
74.5%
25Matt Forte
74%
90Tony Gonzalez
74%
21Greg Jennings
73.5%
59Wes Welker
73.5%
22Peyton Hillis
72.5%
64Anquan Boldin
71.1%
95Joe Flacco
70.6%
49Daniel Thomas
70.1%
69Matt Stafford
70.1%
81Jay Cutler
70.1%
92Pierre Thomas
70.1%
30Ahmad Bradshaw
69.6%
67Santonio Holmes
69.6%
52Jason Witten
68.6%
54Vernon Davis
68.1%
31Mike Wallace
67.6%
51Dallas Clark
67.6%
17Hakeem Nicks
67.2%
80Ryan Grant
67.2%
46Matt Schaub
66.7%
27Miles Austin
66.2%
47Brandon Marshall
66.2%
61BenJarvus Green-Ellis
65.7%
63Marshawn Lynch
65.7%
42Jonathan Stewart
65.2%
Rank Player % Correct
56Marques Colston
65.2%
53Cedric Benson
64.7%
77Josh Freeman
63.7%
29Dwayne Bowe
63.2%
44Jeremy Maclin
62.3%
75Knowshon Moreno
61.8%
39Ryan Mathews
61.3%
73Joseph Addai
61.3%
99Sam Bradford
60.8%
33LeGarrette Blount
58.8%
74Jahvid Best
58.3%
43Dez Bryant
56.4%
50Brandon Lloyd
56.4%
82Michael Crabtree
53.9%
96Zach Miller
53.4%
97Mario Manningham
53.4%
41Jermichael Finley
52%
78Percy Harvin
52%
60Kenny Britt
49%
88Pierre Garcon
47.1%
79Austin Collie
45.1%
65Owen Daniels
44.6%
91Johnny Knox
41.2%
100CJ Spiller
41.2%
94Mike Tolbert
40.7%
57Mark Ingram
40.2%
70Jimmy Graham
31.4%
93James Starks
26.5%
83Roy Helu
12.7%
58Mikel LeShoure
12.3%
98Jerome Simpson
11.3%
86Ryan Torrain
2.9%

You're not logged in!

Compare scores with friends on all Sporcle quizzes.
OR
Log In

You Might Also Like...

Show Comments

Extras

Top Quizzes Today


Score Distribution

Your Account Isn't Verified!

In order to create a playlist on Sporcle, you need to verify the email address you used during registration. Go to your Sporcle Settings to finish the process.

Report this User

Report this user for behavior that violates our Community Guidelines.

Details: